Diagnosis and Treatment of Human Mycoses

Diagnosis and Treatment of Human Mycoses brings together globally-recognized mycoses experts to guide readers in the use of current knowledge in the field of medical mycology to manage those who suffer from fungal infections (mycoses). Often, diagnostic strategies and tests, including basic and dire...

Πλήρης περιγραφή

Λεπτομέρειες βιβλιογραφικής εγγραφής
Συγγραφή απο Οργανισμό/Αρχή: SpringerLink (Online service)
Άλλοι συγγραφείς: Hospenthal, Duane R. (Επιμελητής έκδοσης), Rinaldi, Michael G. (Επιμελητής έκδοσης)
Μορφή: Ηλεκτρονική πηγή Ηλ. βιβλίο
Γλώσσα:English
Έκδοση: Totowa, NJ : Humana Press, 2008.
Σειρά:Infectious Disease
Θέματα:
Διαθέσιμο Online:Full Text via HEAL-Link
LEADER 03621nam a22005175i 4500
001 978-1-59745-325-7
003 DE-He213
005 20151204150441.0
007 cr nn 008mamaa
008 100301s2008 xxu| s |||| 0|eng d
020 |a 9781597453257  |9 978-1-59745-325-7 
024 7 |a 10.1007/978-1-59745-325-7  |2 doi 
040 |d GrThAP 
050 4 |a QR180-189.5 
072 7 |a MJCM  |2 bicssc 
072 7 |a MED044000  |2 bisacsh 
082 0 4 |a 616.079  |2 23 
245 1 0 |a Diagnosis and Treatment of Human Mycoses  |h [electronic resource] /  |c edited by Duane R. Hospenthal, Michael G. Rinaldi. 
264 1 |a Totowa, NJ :  |b Humana Press,  |c 2008. 
300 |a XVI, 428 p. 135 illus., 12 illus. in color.  |b online resource. 
336 |a text  |b txt  |2 rdacontent 
337 |a computer  |b c  |2 rdamedia 
338 |a online resource  |b cr  |2 rdacarrier 
347 |a text file  |b PDF  |2 rda 
490 1 |a Infectious Disease 
505 0 |a Approach to Patients -- Approach to Patients with Suspected Fungal Infections -- Laboratory and Radiological Diagnosis -- Basic Mycology -- Diagnostic Histopathology -- Diagnostic Immunology -- Diagnostic Radiology -- Antifungal Agents -- Antifungal Agents -- Mycoses -- Candidiasis -- Infection Due to Non-Candidal Yeasts -- Aspergillosis -- Hyalohyphomycosis—Infection Due to Hyaline Moulds -- Phaeohyphomycosis—Infection Due to Dark (Dematiaceous) Moulds -- Zygomycosis (Mucormycosis) -- Pneumocystosis -- Cryptococcosis -- Blastomycosis -- Coccidioidomycosis -- Histoplasmosis -- Paracoccidioidomycosis -- Sporotrichosis -- Dermatophytosis (Tinea) and Other Superficial Fungal Infections -- Subcutaneous Fungal Infections (Chromoblastomycosis, Mycetoma, and Lobomycosis). 
520 |a Diagnosis and Treatment of Human Mycoses brings together globally-recognized mycoses experts to guide readers in the use of current knowledge in the field of medical mycology to manage those who suffer from fungal infections (mycoses). Often, diagnostic strategies and tests, including basic and directed culturing techniques, histopathology with standard and special stains, serological methods, and radiological studies all need to be considered and commonly combined to make the diagnosis of fungal infection. This volume first introduces and reviews these tools separately and then as they pertain to specific infections or groups of diseases. The volume consists of four parts. Parts I-III provide an overview of diagnostic and therapeutic tools, and part IV presents the human mycoses. Diagnosis and Treatment of Human Mycoses is meant to be a concise text that will provide the busy infectious disease, hematology–oncology, pulmonology, or critical care specialist a practical tool to diagnose and manage fungal infections. In addition, the depth of the material in the text will provide these and other medical specialists and trainees an excellent reference and learning resource. 
650 0 |a Medicine. 
650 0 |a Immunology. 
650 0 |a Allergy. 
650 0 |a Internal medicine. 
650 0 |a Infectious diseases. 
650 1 4 |a Biomedicine. 
650 2 4 |a Immunology. 
650 2 4 |a Infectious Diseases. 
650 2 4 |a Allergology. 
650 2 4 |a Internal Medicine. 
700 1 |a Hospenthal, Duane R.  |e editor. 
700 1 |a Rinaldi, Michael G.  |e editor. 
710 2 |a SpringerLink (Online service) 
773 0 |t Springer eBooks 
776 0 8 |i Printed edition:  |z 9781588298225 
830 0 |a Infectious Disease 
856 4 0 |u http://dx.doi.org/10.1007/978-1-59745-325-7  |z Full Text via HEAL-Link 
912 |a ZDB-2-SBL 
950 |a Biomedical and Life Sciences (Springer-11642)